Fascism: (Record no. 178767)

MARC details
000 -LEADER
fixed length control field 00824nam a22002297a 4500
005 - DATE AND TIME OF LATEST TRANSACTION
control field 20210413111740.0
010 ## - LCCN (DPL NO)
LC control number B-739789
020 ## - INTERNATIONAL STANDARD BOOK NUMBER
International Standard Book Number 9788189833329
Terms of availability 225.00
035 ## - SYSTEM CONTROL NUMBER
System control number B-739789
037 ## - SOURCE OF ACQUISITION
Source of stock number/acquisition Gift
082 ## - DEWEY DECIMAL CLASSIFICATION NUMBER
Classification number 320.533
100 ## - MAIN ENTRY--PERSONAL NAME
Personal name Renton, Dave
245 ## - TITLE STATEMENT
Title Fascism:
Remainder of title theory and practice /
Statement of responsibility, etc by Dave Renton
260 ## - PUBLICATION, DISTRIBUTION, ETC. (IMPRINT)
Place of publication, distribution, etc Delhi
Name of publisher, distributor, etc Aakar Books
Date of publication, distribution, etc 2007
270 ## - ADDRESS
Address 28E Pocket 4, Mayur Vihar Phase 1,
City Delhi
Postal code 110091
Telephone number 011-22795505
Fax number 011-22795641
Electronic mail address aakarbooks@gmail.
300 v# - PHYSICAL DESCRIPTION
Extent vii,150p.
Dimensions 24cm(pbk )
500 ## - GENERAL NOTE
General note includes bibliographical references and index
650 ## - SUBJECT ADDED ENTRY--TOPICAL TERM
Topical term or geographic name as entry element Fascism.
650 ## - SUBJECT ADDED ENTRY--TOPICAL TERM
Topical term or geographic name as entry element Fascism
General subdivision History.
Geographic subdivision Europe
942 ## - ADDED ENTRY ELEMENTS (KOHA)
Institution code [OBSOLETE] dpl
Item type English Books
Source of classification or shelving scheme Dewey Decimal Classification
Call number suffix REN
Classification part 320.533
Holdings
Withdrawn status Lost status Not for loan Collection code Home library Current library Date acquired Source of acquisition Cost, normal purchase price Full call number Barcode Copy number Cost, replacement price Koha item type Public note
      Non-fiction Central Library Central Library 13/04/2021 Gift/Eng/05-04-2021 225.00 320.533 REN B-739789 1 225.00 English Books Gift

© Delhi Public Library
Hit Counter
free hit counter